Statistics for Kpop Artist by Song!

Click here to take the quiz!

General Stats

  • This quiz has been taken 8,330 times
  • The average score is 8 of 16

Answer Stats

HintAnswer% Correct
Gangnam StylePSY
93%
Electric Shockf(x)
79%
Run Devil RunGirls' Generation
79%
Haru HaruBig Bang
78%
MamaEXO
77%
Bubble Pop!Hyuna
77%
WarriorB.A.P
47%
Lollipop2NE1
43%
HeartbreakerG Dragon
37%
Don't DonSuper Junior
36%
Keep Your Head DownTVXQ!
25%
Mona LisaMBLAQ
23%
HonestySHINee
22%
DoradoraU-Kiss
16%
Copy & PasteBoA
10%
TarantallegraJunsu
9%

Score Distribution

Percentile by Number Answered

Percent of People with Each Score

Your Score History

You have not taken this quiz